[Event "Bad Pyrmont Pape op 3rd"]
[Site "Bad Pyrmont"]
[Date "2024.07.27"]
[Round "4"]
[White "Solbu, August"]
[Black "Miowitz, Torsten"]
[Result "0-1"]
[WhiteElo "1803"]
[BlackElo "1878"]
[PlyCount "44"]
[EventDate "2024.07.25"]
[EventType "swiss"]
[EventRounds "7"]
[EventCountry "GER"]
[SourceTitle "CBM 221 Extra"]
[Source "ChessBase"]
[SourceDate "2024.09.30"]
[SourceVersion "1"]
[SourceVersionDate "2024.09.30"]
[SourceQuality "1"]

1. e4 c6 2. d4 d5 3. exd5 cxd5 4. Bd3 Nc6 5. c3 Qc7 6. h3 g6 7. Ne2 Bf5 8. f4 Bxd3 9. Qxd3 f5 10. 0-0 Nf6 11. Nd2 e6 12. Re1 Bd6 13. Nf3 Ne4 14. Ne5 0-0 15. Be3 Rac8 16. Rac1 a6 17. c4 dxc4 18. Rxc4 Nxe5 19. dxe5 Qxc4 20. Qxc4 Rxc4 21. exd6 Nxd6 22. Rd1 Rd8 0-1

[Event "Berlin Werner Ott op"]
[Site "Berlin"]
[Date "2019.06.26"]
[Round "5"]
[White "Moser, Axel"]
[Black "Miowitz, Torsten"]
[Result "1-0"]
[WhiteElo "2168"]
[BlackElo "1865"]
[PlyCount "30"]
[EventDate "2019.06.22"]
[EventType "swiss"]
[EventRounds "9"]
[EventCountry "GER"]
[SourceTitle "EXT 2022"]
[Source "ChessBase"]
[SourceDate "2021.10.06"]
[SourceVersion "1"]
[SourceVersionDate "2021.10.06"]
[SourceQuality "1"]

1. Nf3 d5 2. e3 Nf6 3. c4 e6 4. Qc2 Nbd7 5. b3 Bd6 6. Bb2 0-0 7. Rg1 Qe7 8. g4 Ba3 9. g5 Ne8 10. Bxa3 Qxa3 11. Bd3 f5 12. gxf6 Ndxf6 13. Ke2 Qd6 14. Ng5 h6 15. Nf3 e5 1-0

[Event "Berlin Lichtenberger op 17th"]
[Site "Berlin"]
[Date "2018.08.24"]
[Round "7"]
[White "Kutschke, Jens"]
[Black "Miowitz, Torsten"]
[Result "0-1"]
[WhiteElo "1984"]
[BlackElo "1858"]
[PlyCount "114"]
[EventDate "2018.08.18"]
[EventType "swiss"]
[EventRounds "9"]
[EventCountry "GER"]
[SourceTitle "CBM 186 Extra"]
[Source "ChessBase"]
[SourceDate "2018.08.24"]
[SourceVersion "1"]
[SourceVersionDate "2018.08.24"]
[SourceQuality "1"]

1. e4 c6 2. d4 d5 3. e5 Bf5 4. Bd3 Bxd3 5. Qxd3 e6 6. Ne2 Qa5+ 7. c3 Qa6 8. Qxa6 Nxa6 9. 0-0 c5 10. a3 Ne7 11. f4 g6 12. Be3 Nf5 13. Bf2 h5 14. b4 c4 15. a4 Rc8 16. Na3 Nb8 17. Nc2 Be7 18. a5 Kf8 19. Ne3 Nxe3 20. Bxe3 Bd8 21. g3 Nc6 22. h3 Ne7 23. Kg2 Nf5 24. Bf2 Kg7 25. Rh1 Be7 26. Ng1 g5 27. Ne2 Rcg8 28. Kf3 gxf4 29. Nxf4 Kf8 30. Rag1 Ke8 31. g4 hxg4+ 32. hxg4 Ng7 33. Rxh8 Rxh8 34. Rg3 Bg5 35. Be3 Rh2 36. Rh3 Bxf4 37. Rxh2 Bxh2 38. Kg2 Bxe5 39. dxe5 a6 40. Bh6 Kf8 41. Kf3 Kg8 42. Ke3 f5 43. exf6 Ne8 44. Kd4 Nxf6 45. Kc5 Ne4+ 46. Kb6 Nxc3 47. Kxb7 d4 48. Kxa6 d3 49. Bd2 Na4 50. b5 c3 51. Bxc3 Nxc3 52. b6 Ne4 53. Ka7 Nc5 54. a6 d2 55. b7 Nd7 56. b8Q+ Nxb8 57. Kxb8 d1Q 0-1

[Event "Berlin Lichtenberger op 17th"]
[Site "Berlin"]
[Date "2018.08.19"]
[Round "2"]
[White "Miowitz, Torsten"]
[Black "Schliebener, Stephan"]
[Result "0-1"]
[WhiteElo "1858"]
[BlackElo "2131"]
[PlyCount "118"]
[EventDate "2018.08.18"]
[EventType "swiss"]
[EventRounds "9"]
[EventCountry "GER"]
[SourceTitle "CBM 186 Extra"]
[Source "ChessBase"]
[SourceDate "2018.08.24"]
[SourceVersion "1"]
[SourceVersionDate "2018.08.24"]
[SourceQuality "1"]

1. d4 f5 2. Bg5 c5 3. c3 Qb6 4. Qc1 e6 5. e3 h6 6. Bf4 Nf6 7. h4 g6 8. Bd3 d6 9. Nd2 Nbd7 10. Ngf3 Qc7 11. e4 e5 12. dxe5 Nxe5 13. Bxe5 dxe5 14. Qc2 f4 15. Nc4 Ng4 16. a4 Be6 17. Nfd2 Be7 18. f3 Nf6 19. Nf1 Nh5 20. 0-0-0 0-0-0 21. Qf2 Kb8 22. g4 fxg3 23. Nxg3 Nf4 24. Bf1 Rxd1+ 25. Kxd1 Qd7+ 26. Kc1 Qxa4 27. Qc2 Qa1+ 28. Qb1 Qxb1+ 29. Kxb1 Bf6 30. h5 Kc7 31. hxg6 Nxg6 32. Ne3 Bg5 33. Ngf5 a6 34. Bc4 Bxc4 35. Nxc4 b5 36. Nce3 Bxe3 37. Nxe3 h5 38. Nd5+ Kd6 39. Rg1 Rh6 40. Ne3 Ne7 41. Rg7 Rh8 42. b4 cxb4 43. cxb4 h4 44. Kb2 h3 45. Rg1 Rf8 46. Rg3 Rh8 47. Rg1 Ke6 48. Kc3 Rf8 49. Rf1 h2 50. Rh1 Rxf3 51. Kd2 Rf2+ 52. Kc3 Nc6 53. Ng4 Rf3+ 54. Kd2 Rh3 55. Rxh2 Rxh2+ 56. Nxh2 Nxb4 57. Kc3 a5 58. Ng4 Na6 59. Ne3 Nc5 0-1

[Event "Berlin Lichtenberger op 17th"]
[Site "Berlin"]
[Date "2018.08.18"]
[Round "1"]
[White "Jouani, Zakharia"]
[Black "Miowitz, Torsten"]
[Result "0-1"]
[WhiteElo "1243"]
[BlackElo "1858"]
[PlyCount "66"]
[EventDate "2018.08.18"]
[EventType "swiss"]
[EventRounds "9"]
[EventCountry "GER"]
[SourceTitle "CBM 186 Extra"]
[Source "ChessBase"]
[SourceDate "2018.08.24"]
[SourceVersion "1"]
[SourceVersionDate "2018.08.24"]
[SourceQuality "1"]

1. e4 c6 2. d4 d5 3. Nc3 dxe4 4. Nxe4 Bf5 5. Ng3 Bg6 6. h4 h6 7. h5 Bh7 8. Nf3 Nd7 9. Be3 e6 10. Bd3 Bxd3 11. Qxd3 Ngf6 12. 0-0-0 Be7 13. a3 0-0 14. Qd2 Ng4 15. Bf4 Ndf6 16. Qe2 Nd5 17. Bd2 b5 18. Nh4 Nxf2 19. Qxf2 Bxh4 20. Qf3 Bg5 21. Bxg5 Qxg5+ 22. Kb1 Qe3 23. Rd3 Qxf3 24. Rxf3 Nf6 25. Rc3 Rac8 26. Rh4 Rfd8 27. Ne4 Nxe4 28. Rxe4 Rd5 29. g4 c5 30. b4 c4 31. Kc1 Rcd8 32. Rce3 Rxd4 33. c3 Rd1+ 0-1

[Event "Berlin-ch QT"]
[Site "Berlin"]
[Date "2018.04.04"]
[Round "5"]
[White "Schenk, Jonatan"]
[Black "Miowitz, Torsten"]
[Result "1-0"]
[WhiteElo "1654"]
[BlackElo "1904"]
[PlyCount "39"]
[EventDate "2018.03.31"]
[EventType "swiss"]
[EventRounds "9"]
[EventCountry "GER"]
[SourceTitle "EXT 2020"]
[Source "ChessBase"]
[SourceDate "2019.10.17"]
[SourceVersion "1"]
[SourceVersionDate "2019.10.17"]
[SourceQuality "1"]

1. e4 c6 2. c4 d5 3. exd5 cxd5 4. cxd5 Nf6 5. Nc3 g6 6. Bc4 Bg7 7. Nf3 Nbd7 8. 0-0 0-0 9. d4 a6 10. h3 b5 11. Bb3 Nb6 12. Ne5 Nbxd5 13. Nxd5 Nxd5 14. Nc6 Qd6 15. Bxd5 Bb7 16. Qf3 Bxc6 17. Bxc6 Rac8 18. Bb7 Rc2 19. Qe4 Rc4 20. Bf4 1-0

[Event "Berlin-ch QT"]
[Site "Berlin"]
[Date "2018.04.03"]
[Round "4"]
[White "Miowitz, Torsten"]
[Black "Welz, Peter"]
[Result "0-1"]
[WhiteElo "1904"]
[BlackElo "1999"]
[PlyCount "130"]
[EventDate "2018.03.31"]
[EventType "swiss"]
[EventRounds "9"]
[EventCountry "GER"]
[SourceTitle "EXT 2020"]
[Source "ChessBase"]
[SourceDate "2019.10.17"]
[SourceVersion "1"]
[SourceVersionDate "2019.10.17"]
[SourceQuality "1"]

1. d4 f5 2. Bg5 g6 3. Nd2 Bg7 4. e3 Nf6 5. h4 h6 6. Bxf6 Bxf6 7. g4 d6 8. Bd3 e5 9. gxf5 exd4 10. e4 gxf5 11. Qh5+ Kf8 12. exf5 Qe8+ 13. Qxe8+ Kxe8 14. Ne2 Nc6 15. Ne4 Ke7 16. N2g3 d5 17. Nxf6 Kxf6 18. 0-0-0 Ne5 19. Nh5+ Kf7 20. Rhg1 Rg8 21. Rxg8 Kxg8 22. Nf6+ Kg7 23. Nxd5 c6 24. Nc7 Rb8 25. Be4 c5 26. f4 Ng4 27. Nd5 Nf2 28. Re1 Nxe4 29. Rxe4 Bxf5 30. Re7+ Kf8 31. Re5 Bh3 32. Nf6 b6 33. Kd2 Kf7 34. Ne4 Rd8 35. Ke2 Bg2 36. Ng3 Bc6 37. Kd2 Rg8 38. Rf5+ Ke6 39. Re5+ Kd7 40. Nf5 Rg2+ 41. Kc1 Bf3 42. b3 h5 43. Re7+ Kc6 44. Re6+ Kc7 45. Re7+ Kd8 46. Re5 Rg4 47. Kd2 Rxf4 48. a4 Bg4 49. Ng3 Rf2+ 50. Kc1 Rh2 51. Nxh5 Rxh4 52. Nf6 Bf3 53. Re8+ Kc7 54. Re7+ Kc6 55. Rxa7 Rh1+ 56. Kb2 Rh2 57. Kc1 Rf2 58. Ne8 Bg4 59. Rc7+ Kd5 60. Ng7 d3 61. cxd3 Kd4 62. b4 Kc3 63. Kb1 Rf1+ 64. Ka2 Bd1 65. Ka3 Bb3 0-1

[Event "Berlin Lichtenberger op 16th"]
[Site "Berlin"]
[Date "2017.08.23"]
[Round "5"]
[White "Roloff, Karsten"]
[Black "Miowitz, Torsten"]
[Result "0-1"]
[WhiteElo "1588"]
[BlackElo "1857"]
[PlyCount "118"]
[EventDate "2017.08.19"]
[EventType "swiss"]
[EventRounds "9"]
[EventCountry "GER"]
[SourceTitle "CBM 180 Extra"]
[Source "ChessBase"]
[SourceDate "2017.10.06"]
[SourceVersion "1"]
[SourceVersionDate "2017.10.06"]
[SourceQuality "1"]

1. d4 d5 2. Bf4 Nf6 3. e3 e6 4. Nd2 c5 5. c3 Nc6 6. Bd3 Bd6 7. Bg3 e5 8. dxe5 Nxe5 9. Be2 0-0 10. Ngf3 Neg4 11. Bxd6 Qxd6 12. h3 Ne5 13. Nxe5 Qxe5 14. Nf3 Qe7 15. Qa4 Bd7 16. Qh4 Qe4 17. Qxe4 dxe4 18. Ne5 Be6 19. 0-0 Rfd8 20. Rfd1 Rxd1+ 21. Bxd1 c4 22. Ba4 Rd8 23. Rd1 Rxd1+ 24. Bxd1 Ne8 25. Ba4 Nd6 26. Bd7 Bd5 27. Bg4 Kf8 28. Nd7+ Ke7 29. Nc5 b6 30. Na6 f5 31. Bd1 Nf7 32. b3 Ne5 33. Kf1 Nd3 34. Nc7 Bf7 35. b4 Nc1 36. a3 Na2 37. Nb5 a6 38. Nd4 Nxc3 39. Be2 g6 40. Nc6+ Kd6 41. Nd4 Nb1 42. Nc2 b5 43. Ke1 Nc3 44. Kd2 Nd5 45. Nd4 Nf6 46. Kc3 Nd7 47. a4 bxa4 48. Bxc4 Bxc4 49. Kxc4 Ne5+ 50. Kc3 Nd3 51. f3 Ne1 52. fxe4 fxe4 53. g4 Nf3 54. Ne2 Ng5 55. Ng1 Kc6 56. Kc4 h6 57. h4 Nf3 58. Ne2 Ne5+ 59. Kd4 Nxg4 0-1

[Event "Berlin Lichtenberger op 16th"]
[Site "Berlin"]
[Date "2017.08.20"]
[Round "2"]
[White "Miowitz, Torsten"]
[Black "Sivri, Gorkem"]
[Result "0-1"]
[WhiteElo "1857"]
[BlackElo "2148"]
[PlyCount "134"]
[EventDate "2017.08.19"]
[EventType "swiss"]
[EventRounds "9"]
[EventCountry "GER"]
[SourceTitle "CBM 180 Extra"]
[Source "ChessBase"]
[SourceDate "2017.10.06"]
[SourceVersion "1"]
[SourceVersionDate "2017.10.06"]
[SourceQuality "1"]

1. d4 Nf6 2. c4 d6 3. Nc3 Bf5 4. f3 e5 5. dxe5 dxe5 6. Qxd8+ Kxd8 7. e4 Be6 8. Be3 c6 9. 0-0-0+ Kc7 10. Bd3 Na6 11. b3 Bc5 12. Bxc5 Nxc5 13. Nge2 a5 14. Bc2 Nfd7 15. a4 Nb8 16. Kb2 Nba6 17. Nc1 f6 18. Nd3 Nd7 19. h3 Bf7 20. Rd2 h5 21. Nf2 Nf8 22. Rhd1 Be6 23. Bd3 Re8 24. Bf1 Bc8 25. Rc1 Kb8 26. Rcd1 Ne6 27. Nd3 g5 28. Nf2 Nd4 29. Ne2 c5 30. Nc3 Be6 31. Nd5 Bxd5 32. cxd5 Nc7 33. Rc1 b6 34. Be2 Rd8 35. Rh1 Ne8 36. Bd1 Nd6 37. Be2 Nc8 38. Bd3 Ne7 39. Nd1 Ng6 40. Ne3 Nf4 41. Nc2 Nxc2 42. Kxc2 g4 43. hxg4 hxg4 44. Rxh8 Rxh8 45. g3 Nh3 46. fxg4 Ng5 47. Rf2 Rh6 48. Kd2 Kc7 49. Ke3 Kd6 50. Kd2 Ke7 51. Kc3 Nf7 52. Rf5 Rh3 53. Rf3 Nd6 54. Bc2 Rh2 55. Re3 b5 56. Kd3 b4 57. Re2 c4+ 58. bxc4 Rxe2 59. Kxe2 Nxc4 60. Bd3 Nd6 61. Ke3 Nb7 62. Bb5 Nc5 63. Bd3 Nxa4 64. Kd2 Nc5 65. Kc2 Kd6 66. Kd2 a4 67. Bb1 a3 0-1

[Event "Berlin Lichtenberger op 16th"]
[Site "Berlin"]
[Date "2017.08.19"]
[Round "1"]
[White "Berger, Steve"]
[Black "Miowitz, Torsten"]
[Result "1/2-1/2"]
[WhiteElo "2412"]
[BlackElo "1857"]
[PlyCount "84"]
[EventDate "2017.08.19"]
[EventType "swiss"]
[EventRounds "9"]
[EventCountry "GER"]
[SourceTitle "CBM 180 Extra"]
[Source "ChessBase"]
[SourceDate "2017.10.06"]
[SourceVersion "1"]
[SourceVersionDate "2017.10.06"]
[SourceQuality "1"]

1. e4 c6 2. d4 d5 3. e5 Bf5 4. Nf3 e6 5. Be2 Ne7 6. 0-0 Nd7 7. Nbd2 Nc8 8. a4 Be7 9. a5 a6 10. c4 dxc4 11. Bxc4 Na7 12. Qe2 0-0 13. h3 Nb5 14. Nb3 Bb4 15. Bg5 Be7 16. Bf4 Nc7 17. g4 Bg6 18. Bg3 Nd5 19. Ne1 b5 20. axb6 Qxb6 21. f4 f5 22. exf6 Bxf6 23. Nf3 Rfe8 24. Kh2 a5 25. Ne5 Nxe5 26. dxe5 Be7 27. f5 Bf7 28. Bf2 Qc7 29. Bxd5 cxd5 30. Rac1 Qb8 31. Nd4 Bg5 32. Rce1 exf5 33. Bg3 f4 34. Bxf4 Bxf4+ 35. Rxf4 Be6 36. Qb5 Qxb5 37. Nxb5 Rab8 38. Nc7 Rxb2+ 39. Kg3 Re7 40. Rc1 Rb3+ 41. Kh2 h6 42. Rc6 Rb2+ 1/2-1/2

[Event "Berlin-ch QT"]
[Site "Berlin"]
[Date "2017.04.10"]
[Round "2"]
[White "Miowitz, Torsten"]
[Black "Hintze, Peter"]
[Result "0-1"]
[WhiteElo "1819"]
[BlackElo "2035"]
[PlyCount "116"]
[EventDate "2017.04.09"]
[EventType "swiss"]
[EventRounds "9"]
[EventCountry "GER"]
[SourceTitle "CBM 189 Extra"]
[Source "ChessBase"]
[SourceDate "2019.05.31"]
[SourceVersion "1"]
[SourceVersionDate "2019.05.31"]
[SourceQuality "1"]

1. d4 d5 2. Bf4 c5 3. c3 e6 4. e3 Bd6 5. Bg3 Nf6 6. Nf3 Bxg3 7. hxg3 Qb6 8. Qc1 Nc6 9. Nbd2 Bd7 10. Bd3 Rc8 11. Qb1 cxd4 12. exd4 Ne7 13. Ne5 Bb5 14. 0-0 Bxd3 15. Nxd3 0-0 16. Nf3 Ne4 17. Qd1 Nc6 18. Qb3 Qc7 19. Rfe1 Na5 20. Qd1 Nc4 21. Nfe5 a5 22. Nxc4 Qxc4 23. Ne5 Qc7 24. Qe2 Rfe8 25. Rad1 Nd6 26. a3 b5 27. Nd3 Qb6 28. Nc5 b4 29. axb4 axb4 30. Qg4 bxc3 31. Nd7 Qd8 32. Ne5 cxb2 33. Rb1 Nc4 34. Nxc4 dxc4 35. Rxb2 Qd5 36. Re5 Qa8 37. Rc2 Qa4 38. Qe4 c3 39. g4 Red8 40. Rh5 g6 41. Rh3 Qxd4 42. Qxd4 Rxd4 43. Rhxc3 Rxc3 44. Rxc3 Rxg4 45. Rc7 Kg7 46. g3 Rd4 47. Kg2 h5 48. Rc5 Kf6 49. f4 h4 50. Kh3 hxg3 51. Kxg3 Rd5 52. Rc7 g5 53. fxg5+ Rxg5+ 54. Kf4 Ra5 55. Rc6 Ra4+ 56. Ke3 Kf5 57. Rc1 e5 58. Rf1+ Ke6 0-1